000 00301nam a22001217a 4500
008 181015b xxu||||| |||| 00| 0 eng d
041 _aeng
080 _a612.39
100 _a10
101 _aNUT
245 _aNutritional Biotechnology in the Feed and Food Industries
_cLyons,T.P
942 _2udc
_cBK
999 _c49638
_d49638